Museo epigramático ó (Record no. 160445)

MARC details
000 -LEADER
campo de control de longitud fija 01049nam a2200241 4500
001 - NÚMERO DE CONTROL
campo de control 160445
003 - IDENTIFICADOR DE NÚMERO DE CONTROL
campo de control ES-MaACL
005 - FECHA Y HORA DE LA ÚLTIMA TRANSACCIÓN
campo de control 20230906212034.0
008 - DATOS DE LONGITUD FIJA--INFORMACIÓN GENERAL
campo de control de longitud fija 011220q18601890sp a |||| | spa d
040 ## - FUENTE DE CATALOGACIÓN
Centro catalogador/agencia de origen CAM
Lengua de catalogación spa
Centro/agencia transcriptor CAM
245 00 - MENCIÓN DEL TÍTULO
Título Museo epigramático ó
Resto del título Colección de los más festivos epigramas y otras composiciones análogas : escogidas de nuestros poetas antiguos y modernos /
Mención de responsabilidad, etc. por Amancio Peratoner.
246 30 - FORMA VARIANTE DEL TITULO
Título propio/Titulo breve Colección de los más festivos epigramas y otras composiciones análogas : escogidas de nuestros poetas antiguos y modernos
250 ## - MENCION DE EDICION
Mención de edición 4ª ed. corr. y aum.
260 ## - PUBLICACIÓN, DISTRIBUCIÓN, ETC.
Lugar de publicación, distribución, etc. Barcelona :
Nombre del editor, distribuidor, etc. Espasa Hermanos,
Fecha de publicación, distribución, etc. [s.a.]
300 ## - DESCRIPCIÓN FÍSICA
Extensión 816 p. :
Otras características físicas il., grab. ;
Dimensiones 24 cm.
490 1# - MENCIÓN DE SERIE
Mención de serie Biblioteca ilustrada de Espasa Hermanos
596 ## - NOTA AL PIE DE IMPRENTA
NOTA AL PIE DE IMPRENTA Probablemente imp. en la segunda mitad del siglo XIX.
650 #4 - PUNTO DE ACCESO ADICIONAL DE MATERIA--TÉRMINO DE MATERIA
Término de materia o nombre geográfico como elemento de entrada Epigramas españoles.
9 (RLIN) 143603
700 1# - ENTRADA AGREGADA--NOMBRE PERSONAL
Nombre de persona Peratoner, Amancio.
9 (RLIN) 90399
830 0# - PUNTO DE ACCESO ADICIONAL DE SERIE-TÍTULO UNIFORME
Título uniforme Biblioteca ilustrada de Espasa Hermanos
9 (RLIN) 222046
852 ## - LOCALIZACIÓN
Ubicación ES-MaACL
Número de control de estantería C-2615
Nota libre . - Enc. hol. grab.
Holdings
Estatus retirado Estado de pérdida Estado de daño No para préstamo Biblioteca de origen Biblioteca actual Ubicación en estantería Fecha de adquisición Fuente de adquisición Total de préstamos Signatura topográfica completa Código de barras Visto por última vez Precio de reemplazo Tipo de ítem Koha
        Biblioteca del Ateneo de Madrid Biblioteca del Ateneo de Madrid Sala Palomar 17/01/2008     C-2615 1167999 23/02/2023 23/02/2023 Libro impreso